000 00285nam a2200121Ia 4500
005 20251222155132.0
008 251222s9999||||xx |||||||||||||| ||spa||
082 _aREL.103
100 _aIDIGORAS, José
245 0 _aLa Religión fenómeno popular
264 _bNo tiene
942 _cLIB
999 _c38835
_d38835